书目信息 |
| 题名: |
印度近代哲学家辨喜研究
|
|
| 作者: | 黄心川 著 | |
| 分册: | ||
| 出版信息: | 北京 中国社会科学出版社 1979.5 |
|
| 页数: | 133页 | |
| 开本: | 21cm | |
| 丛书名: | ||
| 单 册: | ||
| 中图分类: | B351 | |
| 科图分类: | ||
| 主题词: | 哲学--亚洲 | |
| 电子资源: | ||
| ISBN: | ||
| 000 | 00549nam0 2200193 45 | |
| 001 | 0306240990 | |
| 005 | 20031219104037.4 | |
| 010 | @dCNY0.60 | |
| 100 | @a20030624d1979 km y0chiy0120 ea | |
| 101 | 0 | @achi |
| 105 | @a z 000yy | |
| 200 | 1 | @a印度近代哲学家辨喜研究@AYin Du Jin Dai Zhe Xue Jia Bian Xi Yan Jiu@f黄心川著@FHuang Xin Chuan Zhu |
| 210 | @a北京@c中国社会科学出版社@d1979.5 | |
| 215 | @a133页@c画像@d21cm | |
| 606 | 0 | @a哲学@x亚洲 |
| 690 | @aB351@v3 | |
| 701 | 0 | @a黄心川@4著 |
| 801 | @aCN@bTSTC@c20030624 | |
| 905 | @f1@b25968@dB351@e1 | |
| 印度近代哲学家辨喜研究/黄心川著.-北京:中国社会科学出版社,1979.5 |
| 133页:画像;21cm |
| ISBN :CNY0.60 |
| ● |
| 相关链接 |
|
|
|
|
正题名:印度近代哲学家辨喜研究
索取号:B351/1
 
预约/预借
| 序号 | 登录号 | 条形码 | 馆藏地/架位号 | 状态 | 备注 |
| 1 | 0025968 | 001832850 | 密集书库/ [索取号:B351/1] | 在馆 |